000 00446nam a2200169Ia 4500
003 OSt
005 20260307101512.0
008 211028s2010 xx 000 0 und d
040 _cAIMIT LIBRARY
041 _aeng
100 _aMukund C P, Jininda; Rakesh.
_g71732
_93200
110 _aSuchetha.
_93201
245 _aField service intelligence /
260 _aErnakulam
_c2010
710 _aeConz Technologies Pvt Ltd
_93202
942 _2ddc
_cPRO
999 _c217152
_d217152